00713 a2200157 45000010006000000050017000060080041000230030015000640400040000790800036001192450044001552640045001993000019002445050273002631000019005365900420260407155844.0260407a1968 arg spa dAR-UNSa-BCEJYS aAR-UNSa-BCEJYSbspacAR-UNSa-BCEJYS a330.35xCrecimiento económico10aLos ciclos y el crecimiento económico 1aBuenos Aires :bAmorrortu Editoresc1968 a299 p.c22 cm. a1. El análisis por periodos – 2. Características generales del cambio – 3. La anatomía del ciclo – 4. Gastos de consumo – 5. Gastos de inversión – 6. El cambio cíclico – 7. Modelos de crecimiento sostenido – 8. Teoría, modelos y econometría1 aBober, Gabriel